00642 2200217 4500001002100000005001500021035002000036007000300056008004100059020002200100082001600122084002200138100002700160245004300187250002000230260006200250300003200312650003700344650002600381990001700407INLIS00000000000000320250710113231 a0010-0725000003ta250710 a 0 ind  a978-623-307-528-2 a398.209 598 a398.209 598 KOM b0 aKomar Cheh, Komar Rien1 aBuang Ke Sini /cKomar Rien Komar Cheh aCetakan Pertama aJakarta :bBadan Pengembangan dan Pembinaan Bahasa,c2022 a20 hlm. :bilus. ;c21,5 cm 4aCERITA ANAK INDONESIA-TERJEMAHAN 4aLITERASI-BAHAN BACAAN aTBM202400002